000 00308nam a22001337a 4500
008 170928b xxu||||| |||| 00| 0 eng d
020 _a0930599667
041 _aeng
080 _a37
100 _a47
101 _aEDU
245 _aCOMMUNICATION SKILLS AND CLASSROOM SUCCESS
_cSIMON,CH.S
942 _2udc
_cBK
999 _c30550
_d30550